| 000 | 00425nam a2200169Ia 4500 | ||
|---|---|---|---|
| 999 |
_c11324 _d11324 |
||
| 003 | OSt | ||
| 005 | 20230321131827.0 | ||
| 008 | 230307s9999 xx 000 0 und d | ||
| 020 | _a9789353164799 | ||
| 028 | _b McGraw-Hill Education | ||
| 082 |
_a616.0019 _bTAY |
||
| 100 | _aShelley Taylor, 2014 | ||
| 245 | 0 | _aHealth psychology, | |
| 260 |
_aIndia _b ‎McGraw Hill Education _c2018 |
||
| 300 | _a444pages | ||
| 942 | _2ddc | ||